[Event "FTX Crypto Cup Prelim"]
[Site "chess24.com INT"]
[Date "2021.05.24"]
[Round "6.1"]
[White "Aronian, Levon"]
[Black "Grischuk, Alexander"]
[Result "1-0"]
[WhiteTitle "GM"]
[BlackTitle "GM"]
[WhiteElo "2781"]
[BlackElo "2776"]
[WhiteFideId "13300474"]
[BlackFideId "4126025"]
[EventDate "2021.05.23"]

1. d4 Nf6 2. c4 e6 3. Nf3 d5 4. Nc3 Bb4 5. cxd5 exd5 6. Bf4 c5 7. g3 O-O 8. Bg2
c4 9. O-O Nc6 10. Bg5 Be6 11. Ne1 Be7 12. Nc2 Rc8 13. Rc1 Qa5 14. f4 Ne8 15.
Bxe7 Nxe7 16. f5 Bd7 17. g4 h6 18. Qe1 Qb6 19. Bxd5 Bc6 20. Bxc4 Nf6 21. Bd3
Nxg4 22. Qg3 Nf6 23. Kf2 Kh8 24. Rg1 Rg8 25. Qh4 Qxb2 26. Ne3 Qb6 27. Nc4 Qd8
28. Ne5 Qf8 29. e4 Rd8 30. Ke3 Be8 31. Rg3 Nc6 32. Nxc6 Bxc6 33. e5 Qa3 34. Rc2
Rde8 35. Kf2 Nh7 36. f6 Qf8 37. fxg7+ Rxg7 38. Qxh6 Rd8 39. Bxh7 Rxg3 40. Qxf8+
Rxf8 41. Kxg3 Kxh7 42. d5 Bd7 43. Ne4 Bf5 44. Nf6+ Kg6 45. Rg2 1-0

[Event "FTX Crypto Cup Prelim"]
[Site "chess24.com INT"]
[Date "2021.05.24"]
[Round "6.3"]
[White "Carlsen, Magnus"]
[Black "Giri, Anish"]
[Result "1/2-1/2"]
[WhiteTitle "GM"]
[BlackTitle "GM"]
[WhiteElo "2847"]
[BlackElo "2780"]
[WhiteFideId "1503014"]
[BlackFideId "24116068"]
[EventDate "2021.05.23"]

1. b4 e5 2. Bb2 Bxb4 3. Bxe5 Nf6 4. c3 Be7 5. g3 d6 6. Bxf6 Bxf6 7. Bg2 O-O 8.
e3 d5 9. Ne2 c6 10. d4 Bf5 11. Nd2 Nd7 12. O-O Re8 13. c4 dxc4 14. Nxc4 Qc7 15.
Rc1 Rad8 16. Nf4 Nb6 17. Nxb6 Qxb6 18. Qa4 g6 19. Rc3 Bg5 20. Rb3 Qc7 21. Qxa7
Re7 22. Nd3 Bxd3 23. Rxd3 c5 24. Rc3 b6 25. Qxc7 Rxc7 26. Rb1 Rd6 27. a4 Bf6 28.
Bf1 Rcd7 29. dxc5 Bxc3 30. cxd6 Rxd6 31. Rc1 Rc6 32. Rd1 Rc7 33. Rd6 Ba5 34. Bb5
Kg7 35. e4 Rc1+ 36. Kg2 Rc2 37. e5 Bb4 38. Rf6 Be7 39. Rxb6 Rxf2+ 40. Kxf2 Bc5+
41. Kf3 Bxb6 42. Ke4 Kf8 43. Kd5 Ke7 44. g4 h5 45. h3 hxg4 46. hxg4 Ba5 47. Bd3
Bd2 48. Bc2 Be1 49. Bd3 Bd2 50. Ba6 Be1 51. Bc8 Kd8 52. e6 fxe6+ 53. Bxe6 Kc7 1/2-1/2

[Event "FTX Crypto Cup Prelim"]
[Site "chess24.com INT"]
[Date "2021.05.24"]
[Round "6.7"]
[White "Caruana, Fabiano"]
[Black "Nepomniachtchi, Ian"]
[Result "1-0"]
[WhiteTitle "GM"]
[BlackTitle "GM"]
[WhiteElo "2820"]
[BlackElo "2792"]
[WhiteFideId "2020009"]
[BlackFideId "4168119"]
[EventDate "2021.05.23"]

1. d4 Nf6 2. Nf3 g6 3. Nbd2 Bg7 4. e4 d6 5. Bd3 c5 6. c3 O-O 7. O-O cxd4 8. cxd4
e5 9. d5 Nbd7 10. b4 a5 11. Ba3 axb4 12. Bxb4 Nc5 13. Bxc5 dxc5 14. Nc4 Nh5 15.
a4 Nf4 16. Bc2 f5 17. Rb1 Ra6 18. Re1 fxe4 19. Bxe4 Qd7 20. Nfxe5 Bxe5 21. Nxe5
Qxa4 22. d6 Rd8 23. Qf3 Rf8 24. Bd5+ Kg7 25. Bb3 Qd4 26. Rbd1 Nh3+ 27. gxh3 Rxf3
28. Rxd4 cxd4 29. Nxf3 Rxd6 30. Re7+ Kh6 31. h4 d3 32. Ne5 Rd4 33. Bg8 1-0

[Event "FTX Crypto Cup Prelim"]
[Site "chess24.com INT"]
[Date "2021.05.24"]
[Round "7.1"]
[White "Mamedyarov, Shakhriyar"]
[Black "Aronian, Levon"]
[Result "1-0"]
[WhiteTitle "GM"]
[BlackTitle "GM"]
[WhiteElo "2770"]
[BlackElo "2781"]
[WhiteFideId "13401319"]
[BlackFideId "13300474"]
[EventDate "2021.05.23"]

1. d4 Nf6 2. c4 e6 3. Nc3 Bb4 4. Qc2 c5 5. dxc5 O-O 6. Nf3 Na6 7. g3 Nxc5 8. Bg2
Nce4 9. O-O Nxc3 10. bxc3 Be7 11. e4 d6 12. e5 dxe5 13. Nxe5 Qc7 14. Qe2 Bd6 15.
Bf4 Ne8 16. c5 Qxc5 17. c4 Bxe5 18. Qxe5 Qxe5 19. Bxe5 f6 20. Bf4 e5 21. Be3 Be6
22. c5 Rf7 23. Rfb1 Rb8 24. a4 f5 25. Rb4 Nf6 26. c6 b6 27. Rb5 e4 28. Rd1 Rc8
29. Rd6 Re7 30. Bg5 Kf7 31. Bf1 Ne8 32. Bxe7 Kxe7 33. Rd1 Rxc6 34. Rbb1 Nd6 35.
Rdc1 Bd7 36. Rxc6 Bxc6 37. Ra1 Nb7 38. Bb5 Bd5 39. Rc1 Nc5 40. a5 g5 41. Kf1 f4
42. Bc4 Ke6 43. axb6 axb6 44. Ke2 h6 45. Bxd5+ Kxd5 46. Rb1 Kc6 47. gxf4 gxf4
48. Rg1 b5 49. Rg6+ Kd5 50. Rxh6 Ne6 51. h4 b4 52. Rh8 b3 53. Rb8 Nd4+ 54. Kd1
e3 55. fxe3 fxe3 56. h5 Kc4 57. h6 Kd3 58. Kc1 e2 59. Re8 Nf5 60. h7 Ne3 61.
Rd8+ Kc4 62. Kd2 b2 63. Rb8 Nc2 64. Kxe2 Nb4 65. Rxb4+ Kxb4 66. h8=Q 1-0

[Event "FTX Crypto Cup Prelim"]
[Site "chess24.com INT"]
[Date "2021.05.24"]
[Round "7.2"]
[White "Nepomniachtchi, Ian"]
[Black "Radjabov, Teimour"]
[Result "0-1"]
[WhiteTitle "GM"]
[BlackTitle "GM"]
[WhiteElo "2792"]
[BlackElo "2765"]
[WhiteFideId "4168119"]
[BlackFideId "13400924"]
[EventDate "2021.05.23"]

1. d4 Nf6 2. Nc3 d5 3. Bf4 c6 4. e3 Bf5 5. Bd3 Bxd3 6. Qxd3 Nbd7 7. O-O-O e6 8.
e4 dxe4 9. Nxe4 Nxe4 10. Qxe4 Nf6 11. Qe2 Qd5 12. Kb1 Qxg2 13. Nf3 Qg4 14. Be3
Qh5 15. Rhg1 h6 16. Bf4 O-O-O 17. Rd3 Nd5 18. Be5 Qf5 19. Rb3 Rg8 20. a3 g5 21.
Ka2 Bd6 22. c4 Nf4 23. Qe3 Kb8 24. d5 exd5 25. Nd4 Qd7 26. Rc1 Bxe5 27. Qxe5+
Ka8 28. Qe1 Ne6 29. Nf3 Nc5 30. Ne5 Nxb3 31. Nxd7 Nxc1+ 32. Qxc1 Rxd7 33. cxd5
cxd5 0-1

[Event "FTX Crypto Cup Prelim"]
[Site "chess24.com INT"]
[Date "2021.05.24"]
[Round "7.4"]
[White "Vachier-Lagrave, Maxime"]
[Black "Svidler, Peter"]
[Result "1/2-1/2"]
[WhiteTitle "GM"]
[BlackTitle "GM"]
[WhiteElo "2760"]
[BlackElo "2714"]
[WhiteFideId "623539"]
[BlackFideId "4102142"]
[EventDate "2021.05.23"]

1. e4 c6 2. Nf3 d5 3. Nc3 Bg4 4. h3 Bxf3 5. Qxf3 e6 6. Be2 Bc5 7. O-O Ne7 8. Na4
Bd6 9. d4 dxe4 10. Qxe4 Nd7 11. Rd1 Nf6 12. Qf3 Qa5 13. b3 e5 14. dxe5 Bxe5 15.
Rb1 O-O 16. Bd2 Qc7 17. Nb2 Ng6 18. g3 Rad8 19. Nc4 Bd4 20. c3 Bc5 21. b4 Be7
22. h4 h5 23. Be3 b5 24. Na5 Ne5 25. Qg2 Rxd1+ 26. Rxd1 c5 27. Qb7 Qxb7 28. Nxb7
cxb4 29. cxb4 Bxb4 30. Bxb5 a5 31. Bb6 Ne4 32. a4 Nc3 33. Ra1 Nxb5 34. axb5 Rb8
35. Bxa5 Bxa5 36. Nxa5 Rxb5 37. Ra2 g6 38. Kg2 Kg7 39. Ra4 Rb2 40. Nc4 Nxc4 41.
Rxc4 1/2-1/2

[Event "FTX Crypto Cup Prelim"]
[Site "chess24.com INT"]
[Date "2021.05.24"]
[Round "7.7"]
[White "Ding, Liren"]
[Black "Carlsen, Magnus"]
[Result "1/2-1/2"]
[WhiteTitle "GM"]
[BlackTitle "GM"]
[WhiteElo "2799"]
[BlackElo "2847"]
[WhiteFideId "8603677"]
[BlackFideId "1503014"]
[EventDate "2021.05.23"]

1. d4 d5 2. c4 e6 3. Nc3 a6 4. cxd5 exd5 5. Nf3 h6 6. Bf4 Nf6 7. e3 Bd6 8. Be5
c6 9. Bd3 Be7 10. h3 Be6 11. O-O Nbd7 12. Bh2 O-O 13. Rc1 Rc8 14. Bb1 c5 15.
dxc5 Nxc5 16. Nd4 Bd6 17. Bxd6 Qxd6 18. Qf3 Qe5 19. Rfd1 Nce4 20. Nce2 Rxc1 21.
Rxc1 Rc8 22. Rxc8+ Bxc8 23. Qf4 Qxf4 24. Nxf4 Nd6 25. Bd3 Kf8 26. b3 Ke7 27. f3
Nde8 28. Kf2 Nc7 29. g4 Bd7 30. h4 Nfe8 31. h5 Nd6 32. a4 a5 33. Ke2 Kf6 34. Kd2
Ke5 35. Bc2 Ne6 36. Nd3+ Kf6 37. Nf4 Nxd4 38. exd4 Be6 39. Ke3 Nc8 40. Bd3 Ne7
41. Bb5 Bc8 42. Be8 g5 43. Nd3 Kg7 44. Bb5 f6 45. Kf2 b6 46. Kg3 f5 47. Ne5 fxg4
48. fxg4 Kf6 49. Kf3 Ke6 50. Kg3 Ng8 51. Bd3 Ke7 52. Nc6+ Kd6 53. Ne5 Ke7 54.
Nc6+ Kd6 55. Ne5 Ke7 1/2-1/2

[Event "FTX Crypto Cup Prelim"]
[Site "chess24.com INT"]
[Date "2021.05.24"]
[Round "8.2"]
[White "Carlsen, Magnus"]
[Black "Grischuk, Alexander"]
[Result "1-0"]
[WhiteTitle "GM"]
[BlackTitle "GM"]
[WhiteElo "2847"]
[BlackElo "2776"]
[WhiteFideId "1503014"]
[BlackFideId "4126025"]
[EventDate "2021.05.23"]

1. b3 e5 2. Bb2 Nc6 3. c4 Nf6 4. Nf3 e4 5. Nd4 Bc5 6. Nf5 d5 7. Nxg7+ Kf8 8.
cxd5 Bd4 9. Nc3 Ne7 10. e3 Bxc3 11. dxc3 Kxg7 12. c4 Ng6 13. g4 h6 14. h4 c5 15.
Be2 Kg8 16. Qc2 Rh7 17. O-O-O Nxg4 18. h5 Nf8 19. Qxe4 f5 20. Qc2 Nxf2 21. Rhg1+
Kf7 22. Rdf1 Qh4 23. Be5 Qe4 24. Qc3 Nh3 25. Rg4 1-0

[Event "FTX Crypto Cup Prelim"]
[Site "chess24.com INT"]
[Date "2021.05.24"]
[Round "8.5"]
[White "Svidler, Peter"]
[Black "Pichot, Alan"]
[Result "1-0"]
[WhiteTitle "GM"]
[BlackTitle "GM"]
[WhiteElo "2714"]
[BlackElo "2630"]
[WhiteFideId "4102142"]
[BlackFideId "110973"]
[EventDate "2021.05.23"]

1. e4 c5 2. Nf3 d6 3. Bd3 Nf6 4. c3 Bg4 5. Bc2 e6 6. h3 Bh5 7. d4 d5 8. exd5
Qxd5 9. Bb3 Qe4+ 10. Be3 Bxf3 11. gxf3 Qf5 12. Nd2 cxd4 13. Bxd4 Nc6 14. Ba4 Be7
15. Bxf6 Qxf6 16. Qb3 O-O 17. Bxc6 bxc6 18. O-O-O Rab8 19. Qc4 Rb5 20. Kc2 Rfb8
21. b3 Rd5 22. Qe4 Re5 23. Qd3 g6 24. Ne4 Qf4 25. Rhe1 Rf5 26. Qd7 Bf8 27. Qxa7
Rbb5 28. Rd8 Ra5 29. Qe7 Qh6 30. a4 Rxf3 31. Red1 Rd5 32. R1xd5 cxd5 33. Nf6+
Rxf6 34. Qxf6 Qh5 35. Qe7 Qe2+ 36. Kc1 Kg7 37. Qxf8+ Kf6 38. Qc5 1-0

[Event "FTX Crypto Cup Prelim"]
[Site "chess24.com INT"]
[Date "2021.05.24"]
[Round "8.6"]
[White "Caruana, Fabiano"]
[Black "Vachier-Lagrave, Maxime"]
[Result "1/2-1/2"]
[WhiteTitle "GM"]
[BlackTitle "GM"]
[WhiteElo "2820"]
[BlackElo "2760"]
[WhiteFideId "2020009"]
[BlackFideId "623539"]
[EventDate "2021.05.23"]

1. e4 c5 2. Nf3 d6 3. Bb5+ Bd7 4. Bxd7+ Qxd7 5. c4 Nf6 6. Nc3 g6 7. d4 cxd4 8.
Nxd4 Bg7 9. f3 O-O 10. Be3 Nc6 11. O-O a6 12. Qd3 Rfc8 13. b3 b5 14. cxb5 Ne5
15. Qd2 d5 16. Nxd5 Nxd5 17. exd5 axb5 18. Rad1 Qxd5 19. Qe2 Nc6 20. Nxb5 Qe6
21. Rd2 Nb4 22. Re1 h5 23. Nd4 Qa6 24. Qxa6 Rxa6 25. a4 Rc3 26. Bf2 Nd3 27. Red1
Nxf2 28. Kxf2 Bxd4+ 29. Rxd4 Rxb3 30. Ra1 Rb2+ 31. Kg3 Ra5 32. h4 Kg7 33. Kh3
Rb7 34. Ra2 Rba7 35. Rb4 R7a6 36. Kg3 Ra7 37. Kf2 R7a6 38. Kg3 Ra7 39. Kf2 R7a6
40. Kg3 1/2-1/2

[Event "FTX Crypto Cup Prelim"]
[Site "chess24.com INT"]
[Date "2021.05.24"]
[Round "8.8"]
[White "Mamedyarov, Shakhriyar"]
[Black "Nepomniachtchi, Ian"]
[Result "1/2-1/2"]
[WhiteTitle "GM"]
[BlackTitle "GM"]
[WhiteElo "2770"]
[BlackElo "2792"]
[WhiteFideId "13401319"]
[BlackFideId "4168119"]
[EventDate "2021.05.23"]

1. d4 Nf6 2. Nf3 g6 3. Bg5 Bg7 4. Nbd2 O-O 5. e4 d5 6. exd5 Nxd5 7. c3 Nd7 8.
Bc4 N5b6 9. Bb3 c5 10. O-O cxd4 11. Re1 Re8 12. Ne4 Nf8 13. Nxd4 Bxd4 14. Qxd4
Qxd4 15. cxd4 Be6 16. Nc5 Bxb3 17. axb3 Nd5 18. Nxb7 Ne6 19. Be3 Reb8 20. Na5
Rb5 21. Rec1 a6 22. g3 f6 23. Rc4 Kf7 24. Kg2 Rd8 25. Nc6 Rd6 26. Rxa6 Rxb3 27.
Bc1 Rb7 28. Na5 Rxa6 29. Nxb7 Ra1 30. h4 Nb6 31. Rc3 Nd5 32. Rc4 Nb6 33. Rc3 Rb1
34. Na5 Nd5 35. Rc4 Nb6 36. Rc3 Nd5 37. Rc4 Nb6 38. Rc6 Nxd4 39. Rxb6 Rxc1 40.
Nb3 Nxb3 41. Rxb3 1/2-1/2

[Event "FTX Crypto Cup Prelim"]
[Site "chess24.com INT"]
[Date "2021.05.24"]
[Round "9.1"]
[White "Nepomniachtchi, Ian"]
[Black "Aronian, Levon"]
[Result "1-0"]
[WhiteTitle "GM"]
[BlackTitle "GM"]
[WhiteElo "2792"]
[BlackElo "2781"]
[WhiteFideId "4168119"]
[BlackFideId "13300474"]
[EventDate "2021.05.23"]

1. e4 e5 2. Nf3 Nc6 3. Bc4 Nf6 4. d3 Bc5 5. Nc3 a6 6. Bg5 h6 7. Bxf6 Qxf6 8. Nd5
Qd8 9. c3 d6 10. d4 exd4 11. cxd4 Ba7 12. h3 Ne7 13. Ne3 b5 14. Bd3 c5 15. a4
cxd4 16. Nf5 Nxf5 17. exf5 O-O 18. O-O bxa4 19. Rxa4 a5 20. b4 Bb6 21. bxa5 Rxa5
22. Rxa5 Bxa5 23. Nxd4 Bb7 24. Qb3 Ba8 25. Bc4 Qf6 26. Rd1 Rc8 27. Bd5 Bxd5 28.
Qxd5 Bb6 29. Qb7 Bxd4 30. Qxc8+ Kh7 31. Qc6 Qe5 32. Qf3 Bc5 33. g3 Qf6 34. Kg2
Qe5 35. Rb1 Qd4 36. Rb7 Kg8 37. h4 Qd2 38. f6 g6 39. h5 Qc2 40. Rb8+ Kh7 41. Rf8
Qa2 42. hxg6+ Kxg6 43. Rg8+ Kh7 44. Rg7+ Kh8 45. Qf5 1-0

[Event "FTX Crypto Cup Prelim"]
[Site "chess24.com INT"]
[Date "2021.05.24"]
[Round "9.3"]
[White "Vachier-Lagrave, Maxime"]
[Black "Radjabov, Teimour"]
[Result "1/2-1/2"]
[WhiteTitle "GM"]
[BlackTitle "GM"]
[WhiteElo "2760"]
[BlackElo "2765"]
[WhiteFideId "623539"]
[BlackFideId "13400924"]
[EventDate "2021.05.23"]

1. e4 e5 2. Nf3 Nc6 3. Bb5 Nf6 4. O-O Nxe4 5. Re1 Nd6 6. Nxe5 Be7 7. Bf1 Nxe5 8.
Rxe5 O-O 9. Nc3 Ne8 10. Nd5 Bd6 11. Re1 c6 12. Ne3 Bc7 13. Nf5 d5 14. Ne7+ Kh8
15. Nxc8 Rxc8 16. d3 Qd6 17. g3 Nf6 18. Qf3 Rce8 19. Bd2 Qc5 20. c3 Qd6 21. h4
Kg8 22. Bh3 Qd8 23. Kg2 a5 24. a4 h6 25. Bf5 Rxe1 26. Rxe1 Re8 27. Rxe8+ Nxe8
28. d4 g6 29. Bd3 h5 30. b3 Qd7 31. c4 dxc4 32. Bxc4 Nd6 33. Qf6 Qf5 34. Qxf5
Nxf5 35. d5 Nd6 36. Bf4 b5 37. axb5 cxb5 38. Bd3 a4 39. bxa4 bxa4 40. Bc1 Nb7
41. Bb5 Nc5 42. Ba3 Bd6 43. f3 Kg7 44. g4 Kf6 45. gxh5 gxh5 46. f4 Ke7 47. Bxc5
Bxc5 48. Bxa4 1/2-1/2

[Event "FTX Crypto Cup Prelim"]
[Site "chess24.com INT"]
[Date "2021.05.24"]
[Round "9.4"]
[White "Pichot, Alan"]
[Black "Caruana, Fabiano"]
[Result "0-1"]
[WhiteTitle "GM"]
[BlackTitle "GM"]
[WhiteElo "2630"]
[BlackElo "2820"]
[WhiteFideId "110973"]
[BlackFideId "2020009"]
[EventDate "2021.05.23"]

1. e4 c6 2. Nf3 d5 3. d3 g6 4. e5 Bg7 5. d4 f6 6. exf6 exf6 7. Bd3 Ne7 8. O-O
Na6 9. Bxa6 bxa6 10. Re1 Kf7 11. c4 dxc4 12. Nc3 Nd5 13. Qa4 Nb6 14. Qxc6 Bd7
15. Qd6 Re8 16. Be3 Bf5 17. Qa3 Qc8 18. d5 Bf8 19. Qa5 Qb7 20. Bc5 Bh6 21. d6
Bf8 22. Qb4 Rec8 23. Rad1 Bd3 24. b3 Rab8 25. bxc4 Bxc4 26. d7 Bxc5 27. dxc8=Q
Bxb4 28. Qh3 Kg7 29. Re3 Qf7 30. Ne4 Nd5 31. Neg5 fxg5 32. Nxg5 Qg8 33. Qd7+ Kh8
34. Nf7+ Kg7 35. Ne5+ Kh8 36. Nxc4 Nxe3 37. Nxe3 Bc5 38. Ng4 Qg7 39. Qxg7+ Kxg7
40. Rd7+ Kf8 41. g3 Rb2 42. a4 h5 43. Ne3 Ra2 44. Rc7 Bb6 45. Rc4 Ke7 46. Rf4 g5
47. Rf5 g4 48. Rxh5 Rxa4 49. Rg5 a5 50. Nxg4 Rd4 51. Ne3 a4 52. Nf5+ Kf6 53.
Nxd4 Kxg5 54. Nc2 Bc5 55. Kf1 a3 56. Ke2 a2 57. Kd3 Bf8 58. Kc4 Bg7 59. Kb3 a1=Q
60. Nxa1 Bxa1 61. Ka4 Kg4 62. Ka5 Bd4 63. f4 Bg1 64. Ka6 Kf5 65. h3 Bf2 66. h4
Kg4 67. h5 Kxh5 68. f5 Kg5 69. g4 Bd4 0-1

[Event "FTX Crypto Cup Prelim"]
[Site "chess24.com INT"]
[Date "2021.05.24"]
[Round "9.5"]
[White "Giri, Anish"]
[Black "Svidler, Peter"]
[Result "0-1"]
[WhiteTitle "GM"]
[BlackTitle "GM"]
[WhiteElo "2780"]
[BlackElo "2714"]
[WhiteFideId "24116068"]
[BlackFideId "4102142"]
[EventDate "2021.05.23"]

1. d4 Nf6 2. c4 g6 3. Nc3 d5 4. cxd5 Nxd5 5. Bd2 Nb6 6. e3 Bg7 7. h4 e5 8. dxe5
Nc6 9. Nf3 Nxe5 10. Nxe5 Bxe5 11. h5 Qe7 12. a4 Be6 13. a5 Nd7 14. a6 bxa6 15.
hxg6 hxg6 16. Rxh8+ Bxh8 17. Bxa6 Rb8 18. Qa4 Rxb2 19. Qa3 Qxa3 20. Rxa3 Nc5 21.
Bb5+ Kd8 22. Be2 Nb3 23. Rxa7 Be5 24. f4 Bd6 25. Ra8+ Ke7 26. Rb8 Rxd2 27. Bb5
Rc2 28. Ne4 Bb4+ 29. Kd1 Rc1+ 30. Ke2 Bg4+ 31. Kd3 Nc5+ 32. Nxc5 Bxc5 0-1

[Event "FTX Crypto Cup Prelim"]
[Site "chess24.com INT"]
[Date "2021.05.24"]
[Round "10.1"]
[White "Aronian, Levon"]
[Black "Carlsen, Magnus"]
[Result "1-0"]
[WhiteTitle "GM"]
[BlackTitle "GM"]
[WhiteElo "2781"]
[BlackElo "2847"]
[WhiteFideId "13300474"]
[BlackFideId "1503014"]
[EventDate "2021.05.23"]

1. d4 d5 2. Nf3 Nf6 3. Bf4 c5 4. e3 Nc6 5. Nbd2 cxd4 6. exd4 Qb6 7. Nb3 Bg4 8.
a4 a6 9. a5 Qd8 10. h3 Bh5 11. g4 Bg6 12. Ne5 Nd7 13. Nxg6 hxg6 14. c3 e6 15.
Bd3 Nf6 16. Qf3 Bd6 17. Kf1 Bxf4 18. Qxf4 Nd7 19. Kg2 g5 20. Qg3 Rc8 21. Rhe1
Qc7 22. Nd2 Qxg3+ 23. fxg3 Ke7 24. Nf3 f6 25. Bf5 Nf8 26. c4 Kf7 27. cxd5 exf5
28. dxc6 fxg4 29. hxg4 Rxc6 30. Rac1 Ng6 31. d5 Rcc8 32. Nd4 Rhd8 33. Ne6 Re8
34. b4 Ne5 35. Nxg5+ Ke7 36. Ne6 g5 37. Nc5 Red8 38. Rcd1 Kf7 39. Rd4 Rc7 40.
Re2 Rd6 41. Ne4 Rdd7 42. Nxg5+ Kg6 43. Nf3 Nxf3 44. Kxf3 Rc1 45. d6 Rc6 46. Re7
Rdxd6 47. Rxd6 Rxd6 48. Rxb7 Rd3+ 49. Ke4 Rxg3 50. Kd5 Rxg4 51. Kc5 1-0

[Event "FTX Crypto Cup Prelim"]
[Site "chess24.com INT"]
[Date "2021.05.24"]
[Round "10.5"]
[White "Caruana, Fabiano"]
[Black "Giri, Anish"]
[Result "1-0"]
[WhiteTitle "GM"]
[BlackTitle "GM"]
[WhiteElo "2820"]
[BlackElo "2780"]
[WhiteFideId "2020009"]
[BlackFideId "24116068"]
[EventDate "2021.05.23"]

1. e4 e5 2. Nf3 Nc6 3. Bb5 a6 4. Ba4 Nf6 5. O-O b5 6. Bb3 Bc5 7. c3 d6 8. d4 Bb6
9. Be3 O-O 10. h3 Re8 11. Nbd2 h6 12. Re1 exd4 13. cxd4 Nb4 14. d5 Nd3 15. Re2
Nh5 16. Bxb6 cxb6 17. Re3 Nxb2 18. Qc2 Nc4 19. Bxc4 bxc4 20. Qxc4 b5 21. Qd4 Nf4
22. Rae1 Ng6 23. e5 dxe5 24. Nxe5 Nxe5 25. Rxe5 Rxe5 26. Rxe5 Bd7 27. Nb3 Qf6
28. Nc5 Rd8 29. Qe4 g6 30. g4 Kh7 31. Re7 Bc8 32. Rc7 Kg8 33. Kg2 h5 34. Qf3 Kg7
35. Ne4 Qxf3+ 36. Kxf3 hxg4+ 37. hxg4 Bd7 38. Nc5 Bxg4+ 39. Kxg4 Rxd5 40. f4 Kh6
41. Kf3 f5 42. Ke3 Rd6 43. Ra7 Rc6 44. Kd4 Rd6+ 45. Ke5 1-0

[Event "FTX Crypto Cup Prelim"]
[Site "chess24.com INT"]
[Date "2021.05.24"]
[Round "10.6"]
[White "Radjabov, Teimour"]
[Black "Pichot, Alan"]
[Result "1-0"]
[WhiteTitle "GM"]
[BlackTitle "GM"]
[WhiteElo "2765"]
[BlackElo "2630"]
[WhiteFideId "13400924"]
[BlackFideId "110973"]
[EventDate "2021.05.23"]

1. Nf3 Nf6 2. b3 d5 3. Bb2 Bf5 4. e3 e6 5. Be2 h6 6. d3 Be7 7. Nbd2 Bh7 8. O-O
O-O 9. c4 a5 10. a3 Nbd7 11. Qc2 Bd6 12. Bc3 Qe7 13. Qb2 c6 14. b4 axb4 15. axb4
e5 16. Rxa8 Rxa8 17. d4 exd4 18. Nxd4 Ne5 19. c5 Bc7 20. N4f3 Neg4 21. Bd4 Ne4
22. h3 Ngf6 23. Nxe4 Bxe4 24. b5 Re8 25. Ra1 Kh7 26. Kf1 cxb5 27. Qxb5 Rb8 28.
Ra7 Bxf3 29. gxf3 Qe6 30. Bd3+ Kg8 31. Rxb7 Qxh3+ 32. Ke2 Qc8 33. c6 Ra8 34.
Bxf6 gxf6 35. Qxd5 Ra5 36. Qd7 1-0

[Event "FTX Crypto Cup Prelim"]
[Site "chess24.com INT"]
[Date "2021.05.24"]
[Round "10.7"]
[White "Mamedyarov, Shakhriyar"]
[Black "Vachier-Lagrave, Maxime"]
[Result "1-0"]
[WhiteTitle "GM"]
[BlackTitle "GM"]
[WhiteElo "2770"]
[BlackElo "2760"]
[WhiteFideId "13401319"]
[BlackFideId "623539"]
[EventDate "2021.05.23"]

1. e4 c5 2. c3 d5 3. exd5 Qxd5 4. d4 Nf6 5. Nf3 e6 6. Na3 a6 7. Nc4 Nbd7 8. Be2
b5 9. Ne3 Qc6 10. O-O Bb7 11. a4 b4 12. Ne5 Nxe5 13. dxe5 Rd8 14. Qb3 Nd7 15.
Bf3 Qc7 16. Bxb7 Qxb7 17. Nc4 Nb6 18. Bg5 Be7 19. Bxe7 Kxe7 20. Na5 Qc7 21. cxb4
Nd5 22. Rac1 Rb8 23. Qg3 Rxb4 24. Qxg7 Rbb8 25. Qg5+ Kd7 26. Qh5 Kc8 27. Nc4 Kb7
28. f4 Ka7 29. f5 Rhd8 30. fxe6 fxe6 31. Rf7 Rd7 32. Rcf1 Rbd8 33. Qxh7 Ne7 34.
Nd6 Nf5 35. h3 c4 36. Rf4 Nxd6 37. exd6 Qxd6 38. Qe4 e5 39. Rxd7+ Rxd7 40. Qe3+ 1-0

[Event "FTX Crypto Cup Prelim"]
[Site "chess24.com INT"]
[Date "2021.05.24"]
[Round "10.8"]
[White "Nepomniachtchi, Ian"]
[Black "So, Wesley"]
[Result "1/2-1/2"]
[WhiteTitle "GM"]
[BlackTitle "GM"]
[WhiteElo "2792"]
[BlackElo "2770"]
[WhiteFideId "4168119"]
[BlackFideId "5202213"]
[EventDate "2021.05.23"]

1. d4 Nf6 2. c4 e6 3. Nf3 d5 4. Nc3 c5 5. cxd5 cxd4 6. Qxd4 exd5 7. e4 dxe4 8.
Qxd8+ Kxd8 9. Ng5 Be6 10. Nxe6+ fxe6 11. Bg5 h6 12. O-O-O+ Ke7 13. Bxf6+ gxf6
14. Nxe4 Bg7 15. Ng3 f5 16. Bd3 Nc6 17. Rhe1 Be5 18. Nxf5+ exf5 19. f4 Rad8 20.
fxe5 Rhf8 21. Re3 Rd5 22. Rf1 f4 23. Rh3 Nxe5 24. Re1 Rf6 25. Be4 Rc5+ 26. Kb1
b6 27. b4 Rc4 28. a3 Rd4 29. Bb7 Kd6 30. Kc2 a5 31. Kc3 Rc4+ 32. Kb3 Rd4 33. Rh5
Rd3+ 34. Ka4 Nc4 35. Rc1 Rxa3+ 36. Kb5 Ne3 37. Rc6+ Ke7 38. Re5+ Kf7 39. Rc7+
Kf8 40. Be4 axb4 41. Kxb4 Ra5 1/2-1/2